Nel mondo, una cosa (Record n. 100040)

Dettagli MARC
000 -LEADER
fixed length control field 02917njm a2200481Ia 4500
001 - CONTROL NUMBER
control field 27477
003 - CONTROL NUMBER IDENTIFIER
control field IT-RoPAU
005 - DATE AND TIME OF LATEST TRANSACTION
control field 20220918181124.0
008 - FIXED-LENGTH DATA ELEMENTS--GENERAL INFORMATION
fixed length control field 131025s9999 xx 000 0 und d
040 ## - CATALOGING SOURCE
Original cataloging agency IT-RoPAU
040 ## - CATALOGING SOURCE
Transcribing agency IT-RoPAU
041 ## - LANGUAGE CODE
Language code of text/sound track or separate title ITALIANO
999 ## - SYSTEM CONTROL NUMBERS (KOHA)
Koha Dewey Subclass [OBSOLETE] n.d.
100 ## - MAIN ENTRY--PERSONAL NAME
Personal name AA.VV.
9 (RLIN) 794
100 ## - MAIN ENTRY--PERSONAL NAME
Relator term Autore musica
9 (RLIN) 18191
100 ## - MAIN ENTRY--PERSONAL NAME
Miscellaneous information Codice autore musica SPICS: 12000
9 (RLIN) 796
245 ## - TITLE STATEMENT
Title Nel mondo, una cosa
250 ## - EDITION STATEMENT
Edition statement 1a ed.
260 ## - PUBLICATION, DISTRIBUTION, ETC. (IMPRINT)
Place of publication, distribution, etc. ITALIA
260 ## - PUBLICATION, DISTRIBUTION, ETC. (IMPRINT)
Name of publisher, distributor, etc. RICORDI
Date of publication, distribution, etc. 1972 [1a Ed.:1972 - Ed. Lingua Orig.: 1972]
300 ## - PHYSICAL DESCRIPTION
Extent DISCO
300 ## - PHYSICAL DESCRIPTION
Dimensions 49 minuti (Testo: pag.)
500 ## - GENERAL NOTE
General note Canzone italiana
505 ## - FORMATTED CONTENTS NOTE
Formatted contents note Io straniera-Border Song (4:00) - Questo amore vero (4:00) - Amanti (5:00) - Il tuo cuore di neve-Sing e song (4:00) - Tu che sei sempre tu (5:00) - Piccolo uomo (5:00) - Donna sola (4:00) - Neve bianca (4:00) - La nave (4:00) - Madre-Mother (6:00) - Un uomo in più (4:00) - Valsinha (3:00)
650 ## - SUBJECT ADDED ENTRY--TOPICAL TERM
Topical term or geographic name as entry element CANZONE ITALIAN [DISCHI]
Relator term Codice MATERIA SPICS: 9950
9 (RLIN) 18192
700 ## - ADDED ENTRY--PERSONAL NAME
Personal name Martini Mia
Miscellaneous information Codice interprete SPICS: 11009
Relator term Interprete
9 (RLIN) 18193
700 ## - ADDED ENTRY--PERSONAL NAME
Personal name Piccoli M.
Miscellaneous information Codice autore musica SPICS: 23938
Relator term Autore musica
Name of part/section of a work Io straniera-Border Song - Il tuo cuore di neve-Sing e song - Tu che sei sempre tu
9 (RLIN) 18194
700 ## - ADDED ENTRY--PERSONAL NAME
Personal name Taupin Bernie
Miscellaneous information Codice autore SPICS: 22324
Relator term Autore
Name of part/section of a work Io straniera-Border Song
9 (RLIN) 18195
700 ## - ADDED ENTRY--PERSONAL NAME
Personal name John Elton
Miscellaneous information Codice autore testo/musica SPICS: 10876
Relator term Autore testo/musica
Name of part/section of a work Io straniera-Border Song - Madre-Mother
9 (RLIN) 18196
700 ## - ADDED ENTRY--PERSONAL NAME
Personal name Albertelli Luigi
Miscellaneous information Codice autore musica SPICS: 14330
Relator term Autore musica
Name of part/section of a work Questo amore vero - Amanti - Donna sola - La nave
9 (RLIN) 18197
700 ## - ADDED ENTRY--PERSONAL NAME
Personal name Guantini M.
Miscellaneous information Codice autore testo/musica SPICS: 28320
Relator term Autore testo/musica
Name of part/section of a work Questo amore vero
9 (RLIN) 18198
700 ## - ADDED ENTRY--PERSONAL NAME
Personal name Fabrizio Maurizio
Miscellaneous information Codice autore testo/musica SPICS: 13247
Relator term Autore testo/musica
Name of part/section of a work Amanti
9 (RLIN) 18199
700 ## - ADDED ENTRY--PERSONAL NAME
Personal name Wright Gary
Miscellaneous information Codice autore SPICS: 22603
Relator term Autore
Name of part/section of a work Il tuo cuore di neve-Sing e song
9 (RLIN) 18200
700 ## - ADDED ENTRY--PERSONAL NAME
Personal name La Bionda A.
Miscellaneous information Codice autore musica SPICS: 14187
Relator term Autore musica
Name of part/section of a work Piccolo uomo - Neve bianca - Un uomo in più
9 (RLIN) 18201
700 ## - ADDED ENTRY--PERSONAL NAME
Personal name Lauzi Bruno
Miscellaneous information Codice autore musica SPICS: 13267
Relator term Autore musica
Name of part/section of a work Piccolo uomo - Donna sola - Neve bianca
9 (RLIN) 18202
700 ## - ADDED ENTRY--PERSONAL NAME
Personal name Baldan Bembo Dario
Miscellaneous information Codice autore testo/musica SPICS: 9846
Relator term Autore testo/musica
Name of part/section of a work Piccolo uomo - Donna sola - La nave - Un uomo in più
9 (RLIN) 18203
700 ## - ADDED ENTRY--PERSONAL NAME
Personal name La Bionda C.
Miscellaneous information Codice autore testo/musica SPICS: 28321
Relator term Autore testo/musica
Name of part/section of a work Neve bianca
9 (RLIN) 18204
700 ## - ADDED ENTRY--PERSONAL NAME
Personal name Martini Mia
Miscellaneous information Codice autore musica SPICS: 11009
Relator term Autore musica
Name of part/section of a work Madre-Mother
9 (RLIN) 18205
700 ## - ADDED ENTRY--PERSONAL NAME
Personal name Buarque Chico
Miscellaneous information Codice autore musica SPICS: 28322
Relator term Autore musica
Name of part/section of a work Valsinha
9 (RLIN) 18206
700 ## - ADDED ENTRY--PERSONAL NAME
Personal name Vinicius
Miscellaneous information Codice autore SPICS: 28323
Relator term Autore
Name of part/section of a work Valsinha
9 (RLIN) 18207
700 ## - ADDED ENTRY--PERSONAL NAME
Personal name Bardotti Sergio
Miscellaneous information Codice autore testo/musica SPICS: 13862
Relator term Autore testo/musica
Name of part/section of a work Valsinha
9 (RLIN) 18208
942 ## - ADDED ENTRY ELEMENTS (KOHA)
Koha item type DISCHI
Source of classification or shelving scheme Dewey Decimal Classification
Dati di copia
Withdrawn status Lost status Damaged status Not for loan Home library Current library Date acquired Total Checkouts Full call number Date last seen Price effective from Koha item type Public note
    Buone Condizioni Not For Loan SPICS-MEDIATECA SPICS-MEDIATECA 25/10/2013   27477 25/10/2013 25/10/2013 DISCHI Progr. Ins.: 7034 / N.Vol.: 1 / Copie: 1 - Copia rara: n.d. / date import: 01.01.2014 - By Epidotti, Trombetti, Vaglietti
CREDITS: SOCIETA' SAN PAOLO Via A.Severo, 58 - ROMA (RM) & PERIODICI SAN PAOLO SRL Via Giotto, 36 MILANO & CISF Via Giotto, 36 MILANO & EDIZIONI SAN PAOLO SRL,  Piazza Soncino, 5 CINISELLO BALSAMO (MI) -- ITALY